Normal view
MARC view
Entry Topical Term
001 - CONTROL NUMBER
- control field: 52351
003 - CONTROL NUMBER IDENTIFIER
- control field: ARRUPE
005 - DATE AND TIME OF LATEST TRANSACTION
- control field: 20231116085938.0
008 - FIXED-LENGTH DATA ELEMENTS
- fixed length control field: 231116|| aca||aabn | a|a d
040 ## - CATALOGING SOURCE
- Original cataloging agency: ARRUPE
- Transcribing agency: ARRUPE
150 ## - HEADING--TOPICAL TERM
- Topical term or geographic name as entry element: Citizens
670 ## - SOURCE DATA FOUND
- Source citation: Work cat.: (ARRUPE)131752: Wermter, Oksar 52349, Christians and citizens, 2023